| 000 | 00550nam a2200217 a 4500 | ||
|---|---|---|---|
| 999 |
_c4575 _d4575 |
||
| 001 | 4575 | ||
| 003 | BD-JhCC | ||
| 005 | 20171128200804.0 | ||
| 008 | 171128s1955 e |||| ||a| 000 0 eng d | ||
| 035 | _a(BD-JhCC) 4575 | ||
| 040 |
_aBD-JhCC _dBD-JhCC |
||
| 041 | _aeng | ||
| 082 |
_a655 _bCAM 1955 |
||
| 100 | _aCampbell, G.A | ||
| 245 |
_aThe making of a book / _c G.A Campbell |
||
| 260 |
_aLondon : _bOxford University Press , _c1955 |
||
| 300 |
_a88 p .: _c17 cm . |
||
| 650 | _aBook Industries and trade | ||
| 942 |
_2ddc _cBK |
||